Normal view MARC view
  • BERKE,JACQUELINE

Entry Personal Name

Number of records used in: 1

001 - CONTROL NUMBER

  • control field: 133735

003 - CONTROL NUMBER IDENTIFIER

  • control field: NUST

005 - DATE AND TIME OF LATEST TRANSACTION

  • control field: 20260316113311.0

008 - FIXED-LENGTH DATA ELEMENTS

  • fixed length control field: 260316|| aca||aabn | a|a d

040 ## - CATALOGING SOURCE

  • Original cataloging agency: NUST
  • Transcribing agency: NUST

100 ## - HEADING--PERSONAL NAME

  • Personal name: BERKE,JACQUELINE

670 ## - SOURCE DATA FOUND

  • Source citation: Work cat.: (NUST)616664: BERKE,JACQUELINE., TWENTY QUESTIONS FOR THE WRITER /, 1972.
© 2023 Central Library, National University of Sciences and Technology. All Rights Reserved.